Between war and peace : (Record no. 13233)
[ view plain ]
| 000 -LEADER | |
|---|---|
| fixed length control field | 01051cam a22002891i 4500 |
| 001 - CONTROL NUMBER | |
| control field | 3584471 |
| 003 - CONTROL NUMBER IDENTIFIER | |
| control field | EG-ScBUE |
| 005 - DATE AND TIME OF LATEST TRANSACTION | |
| control field | 20240321095243.0 |
| 008 - FIXED-LENGTH DATA ELEMENTS--GENERAL INFORMATION | |
| fixed length control field | 730208r19671960njub f b 001 0 eng d |
| 040 ## - CATALOGING SOURCE | |
| Original cataloging agency | DLC |
| Language of cataloging | eng |
| Description conventions | rda |
| Transcribing agency | DLC |
| Modifying agency | DLC |
| -- | EG-ScBUE |
| 082 04 - DEWEY DECIMAL CLASSIFICATION NUMBER | |
| Classification number | 940.53141 |
| Edition number | 22 |
| Item number | FEI |
| 100 1# - MAIN ENTRY--PERSONAL NAME | |
| Personal name | Feis, Herbert, |
| Dates associated with a name | 1893-1972, |
| Relator term | author. |
| 9 (RLIN) | 10764 |
| 245 10 - TITLE STATEMENT | |
| Title | Between war and peace : |
| Remainder of title | the potsdam conference / |
| Statement of responsibility, etc | By Herbert Feis. |
| 250 ## - EDITION STATEMENT | |
| Edition statement | Third printing. |
| 264 #1 - PUBLICATION, DISTRIBUTION, ETC. (IMPRINT) | |
| Place of publication, distribution, etc | Princeton, N.J. : |
| Name of publisher, distributor, etc | Princeton University Press, |
| Date of publication, distribution, etc | 1967. |
| 300 ## - PHYSICAL DESCRIPTION | |
| Extent | viii, 367 pages : |
| Other physical details | maps ; |
| Dimensions | 24 cm |
| 336 ## - CONTENT TYPE | |
| Source | rdacontent |
| Content type term | text |
| Content type code | txt |
| 337 ## - MEDIA TYPE | |
| Media type term | unmediated |
| Source | rdamedia |
| Media type code | n |
| 338 ## - CARRIER TYPE | |
| Carrier type term | volume |
| Carrier type code | nc |
| Source | rdacarrier |
| 500 ## - GENERAL NOTE | |
| General note | "A continuation of the narrative in [the author's] Churchill-Roosevelt-Stalin." |
| 504 ## - BIBLIOGRAPHY, ETC. NOTE | |
| Bibliography, etc | Includes bibliographical references and index.<br/> |
| 611 27 - SUBJECT ADDED ENTRY--MEETING NAME | |
| Meeting name or jurisdiction name as entry element | Potsdam Conference |
| Date of meeting | (1945) |
| Source of heading or term | BUEsh |
| 9 (RLIN) | 10765 |
| 650 #7 - SUBJECT ADDED ENTRY--TOPICAL TERM | |
| 9 (RLIN) | 10766 |
| Topical term or geographic name as entry element | World War, 1939-1945 |
| General subdivision | Peace. |
| Source of heading or term | BUEsh |
| 655 ## - INDEX TERM--GENRE/FORM | |
| Form subdivision | Reading book |
| 942 ## - ADDED ENTRY ELEMENTS (KOHA) | |
| Source of classification or shelving scheme | Dewey Decimal Classification |
| Koha item type | Book - Borrowing |
| Withdrawn status | Lost status | Source of classification or shelving scheme | Damaged status | Not for loan | Collection code | Home library | Current library | Shelving location | Date acquired | Source of acquisition | Total Checkouts | Full call number | Barcode | Date last seen | Price effective from | Koha item type |
|---|---|---|---|---|---|---|---|---|---|---|---|---|---|---|---|---|
| Dewey Decimal Classification | Donation-Gift | Central Library | Central Library | Second Floor | 01/02/2010 | Donation | 940.53141 FEI | 000019437 | 15/07/2025 | 01/02/2010 | Book - Borrowing |